00938nam a2200229 a 450000100100000000500170001000800410002702000180006804100080008604300120009410000640010624500980017025000120026826000350028030000190031549000830033452001680041765000260058565000350061165000320064665000300067800008739420200120224952.0190826s2018 ck gr|||| 000 p spa d a9789585997820 aspa as-ck--- aGaravito Carranza, Rosa JuliabMelibeacpseudónimod1975-10aDespués de la lluvia, los árboles lloran /cMelibea ; edición Luz Eugenia Sierra.d1969 a1a. ed. aBogotá :bIntermedio,c2018. a156 páginas. 0aPlan Nacional de Lectura y Escritura Leer es mi Cuento / Ministerio de Cultura3 a" Los rayos del sol escriben sobre el papel un poema de líneas y colores. [...] Cuatro bordes contienen un momento que escapa del reloj y de la muerte. Melibea "14aLiteratura colombiana24aPoesía colombianaySiglo XXI24aNaturaleza en la literatura24aCiudades en la literatura